000 00309nam a2200133 i 4500
001 bg
100 1 _aTENDAJ, B.
245 0 _aPowłoki ochronne i ochronno-dekoracyjne /
_cB. Tendaj.
260 _aLublin,
_c1988.
040 _cBPK
041 _apol
942 _cKS
008 s pl f |000 0 pol
999 _c3876
_d3876
856 _uhttp://koha.tu.koszalin.pl/cgi-bin/koha/opac-detail.pl?biblionumber=3876
_yKatalog online BPK